00430 2200181 4500001002100000005001500021035002000036245004000056100001300096250000600109300003500115260003200150082000800182084001400190020002200204600001000226990001200236INLIS00000000000196820250523105606 a0010-05250002601 aThe Secret Relationship /cuni juni0 auni juni a1 a396 :bIlust ;c13,5 x 19,5 cm aDepok :bCloud Books,c2021 a813 a813 UNI t a978-623-95460-6-9 4aFiksi a0754543